Survivor (TV series) : Locations - Statistics

General Stats
  • This quiz has been taken 219 times
  • The average score is 29 of 35
Answer Stats
Season Country % Correct
2 Australia
98%
14 Fiji
95%
33 Fiji
95%
34 Fiji
95%
35 Fiji
95%
16 Micronesia (Palau)
90%
15 China
88%
28 Philippines (Cagayan)
87%
10 Palau
86%
25 Philippines
86%
26 Philippines
86%
27 Philippines
86%
18 Brazil (Tocantins)
85%
19 Samoa
85%
20 Samoa
85%
23 Samoa
85%
24 Samoa
85%
13 Cook Islands (New Zealand)
83%
7 Panama
83%
8 Panama
83%
12 Panama
83%
17 Gabon
81%
5 Thailand
81%
9 Vanuatu
81%
6 Brazil
80%
21 Nicaragua
80%
22 Nicaragua
80%
29 Nicaragua
80%
30 Nicaragua
80%
11 Guatemala
78%
31 Cambodia
74%
32 Cambodia
74%
3 Kenya
70%
1 Malaysia
62%
4 French Polynesia (France)
48%
No matching quizzes found
Score Distribution
Percent of People with Each Score
Percentile by Number Answered
Your Score History
You have not taken this quiz